Central Library OPAC University of Rajshahi

Heathen mythology : (Record no. 31960)

MARC details
000 -LEADER
fixed length control field 00883nam a22002651 4500
001 - CONTROL NUMBER
control field 31960
003 - CONTROL NUMBER IDENTIFIER
rucl marc code BD-RjUL
005 - DATE AND TIME OF LATEST TRANSACTION
control field 20211209051755.0
008 - FIXED-LENGTH DATA ELEMENTS--GENERAL INFORMATION
fixed length control field 140423s1843 enka 001 0 eng
035 ## - SYSTEM CONTROL NUMBER
System control number (BD-RjUL)32049
System control number (OCoLC)4078524
040 ## - CATALOGING SOURCE
Original cataloging agency DLC
Transcribing agency KyDC
Modifying agency BD-RjUL
Language of cataloging eng
041 ## - LANGUAGE CODE
Language code of text/sound track or separate title eng
082 ## - DEWEY DECIMAL CLASSIFICATION NUMBER
Classification number 398.2
Author mark and year HEA 1843
245 10 - TITLE STATEMENT
Title Heathen mythology :
Remainder of title Illustrated by extracts from the most celebrated writers, both ancient and modern, on the gods of Greece, Rome, India, Scandinavia .. and embellished with two hundred engravings /
Statement of responsibility, etc. after designs by M. Baron.
260 ## - PUBLICATION, DISTRIBUTION, ETC. (IMPRINT)
Place of publication, distribution, etc. London :
Name of publisher, distributor, etc. Willoughby & Co.,
Date of publication, distribution, etc. 1843.
300 ## - PHYSICAL DESCRIPTION
Pagination viii, 294 p. :
Illustrations ill. ;
Size 21 cm.
500 ## - GENERAL NOTE
General note Illustrated t.-p.
504 ## - BIBLIOGRAPHY, ETC. NOTE
Bibliography, etc Includes index.
650 #0 - SUBJECT ADDED ENTRY--TOPICAL TERM
Topical term or geographic name as entry element Mythology.
9 (RLIN) 97294
Topical term or geographic name as entry element Legends.
9 (RLIN) 97295
942 ## - ADDED ENTRY ELEMENTS (KOHA)
Source of classification or shelving scheme Dewey Decimal Classification
Koha item type Books
Holdings
Lost status Source of classification or shelving scheme Damaged status Not for loan Collection code Permanent Location Current Location Shelving location Date acquired Source of acquisition Total Checkouts Full call number Date last seen Copy number Koha item type
  Dewey Decimal Classification   Not For Loan Non-fiction Central Library, University of Rajshahi Central Library, University of Rajshahi Reading Room 23/02/1957 Puthia rayeslate   398.2 HEA 1843 23/04/2014 C-1 Books